Architecture as Space : How to Look at Architecture /

Guardado en:
Detalles Bibliográficos
Autor principal: Zevi, Bruno (autor)
Formato: Libro
Idioma:Inglés
Publicado: Nueva York, EUA : Da Capo Press, 1993, c1974
Temas:
Etiquetas: Agrega una etiqueta
Sin etiquetas, Sé el primero en etiquetar este registro!

MARC

LEADER 00000nam^a2200000^a^4500
001 000185844
005 20250521000000.0
009 20260310102205.609
020 |a 0-306-80537-5 
037 |a Acervo ITESO - Biblioteca 
041 |a ING 
082 |a 720. 1  |b ZEV 
100 |a Zevi, Bruno  |e (autor) 
240 1 1 |a [Saber ver la arquitectura] 
245 1 0 |a Architecture as Space :  |b How to Look at Architecture /  |c B. Zevi ; ed. de Joseph A. Barry ; tr. por Milton Gendel. 
264 4 |a Nueva York, EUA :  |b Da Capo Press,  |c 1993, c1974 
300 |a 310 p. 
336 |a texto  |b txt  |2 rdacontenido 
337 |a sin mediación  |b n  |2 rdamedio 
338 |a volumen  |b nc  |2 rdasoporte 
500 |a Traducción de: Saper vedere l'architettura 
649 |a XX 
650 |a Recepción y Apreciación del Arte 
650 |a Estética 
650 |a Espacio Arquitectónico 
650 |a Arquitectura -  |x Teoría 
650 |a Arquitectura -  |x Estudio y Enseñanza 
650 |a Arquitectura -  |x Historia y Crítica 
650 |a Arte -  |x Teoría 
650 |a Arte -  |x Estudio y Enseñanza 
650 |a Arte -  |x Historia y Crítica 
910 |a Fondo General 
920 |a Impresos - Libros 
930 |a Colección General 
905 |a 101 
901 |a 0500127155  |b IT1  |c ACC  |u 20250521 
902 |a https://opac.biblio.iteso.mx/vufind/Record/000185844